000 01584nam a2200577Ia 4500
001 1546
008 191123s9999 xx 000 0 und d
041 _aspa
044 _aag
100 _aCarril, Bonifacio del,
245 0 _aMonumenta iconográphica :
_bpaisajes, ciudades, tipos, usos y costumbres de la Argentina, 1536-1680.
260 _aBuenos Aires :
_bEmecé,
_c1964.
300 _a236 p.
500 _aEjemplar impreso especialmente para la Academia Nacional de Bellas Artes
504 _aBibliografía pp. 199-231
650 _aAGUIRRE SARAVIA, ANIBAL G.
650 _aANIMALES
650 _aARGENTINA
650 _aBACLE, CESAR HIPOLITO
650 _aBIOGRAFIAS
650 _aBRAMBILA, FERNANDO
650 _aCOSTUMBRES
650 _aEXPEDICION MALASPINA
650 _aFIESTAS
650 _aISOLA, ALBERICO
650 _aMOREL, CARLOS
650 _aOTTSEN, HENDRIK
650 _aPALLIERE, JUAN LEON
650 _aPAUKE, R.P. FLORIAN
650 _aPERSONAJES TIPICOS
650 _aPUEYRREDON, CARLOS ENRIQUE, ,DAUFRESNE, JULIO
650 _aRUGENDAS, JUAN MAURICIO
650 _aSCHMIDEL, ULRICH
650 _aSIGLO XIX
650 _aSIGLO XVI
650 _aSIGLO XVII
650 _aSIGLO XVIII
650 _aTRAJES
650 _aTRANSPORTE
650 _aVIDAL, EMERIC ESSEX
650 _aVINGBOONS, JOHANNES,
650 _aVIVIENDAS
902 _aM
903 _am
904 _am
907 _aImpreso
911 _a192 láminas color y b/n ; 45 cm
912 _a1964
942 _cLIBRO
999 _c1245
_d1245